| 000 | 00510cam a2200181ua 4500 | ||
|---|---|---|---|
| 020 |
_a81-85047-06-5 _c180.00 |
||
| 041 |
_aeng _h |
||
| 082 |
_a630.33 _bMAT/AG |
||
| 100 | _aMatthai, John . | ||
| 245 |
_aAgricultural co-operation in India: A handbook for students and social workers / _cJohn Matthai. _hTextual Documents |
||
| 250 |
_a1 / _b. |
||
| 260 |
_aNewdelhi : _bRelience publishers , _c1986. |
||
| 300 | _a187 ; . | ||
| 365 | _a180.00 | ||
| 504 | _a | ||
| 942 | _cBK | ||
| 999 |
_c7329 _d7329 |
||